Futbal vnímame pozitívne

Banky a poisťovne, ktoré majú najväčší potenciál pre vstup do slovenského futbalu formou sponzoringu. Znalosť sponzorov najvyššej futbalovej ligy. Vnímanie spoločností, ktoré sponzorujú slovenský futbal. Sponzoringová zmluva je len začiatok.

Uložené v:
Podrobná bibliografia
Hlavný autor: Vavrovič, Marián
Médium: Kapitola
Jazyk:Slovak
Predmet:
Tagy: Pridať tag
Žiadne tagy, Buďte prvý, kto otaguje tento záznam!

MARC

LEADER 00000naa$a2200000$$$4500
001 0052825
005 20231127111643.0
041 0 |a slo 
044 |a SK 
245 1 0 |a Futbal vnímame pozitívne  |c Marián Vavrovič 
520 |a Banky a poisťovne, ktoré majú najväčší potenciál pre vstup do slovenského futbalu formou sponzoringu. Znalosť sponzorov najvyššej futbalovej ligy. Vnímanie spoločností, ktoré sponzorujú slovenský futbal. Sponzoringová zmluva je len začiatok. 
610 2 0 |a šport 
610 2 0 |a sponzorovanie 
610 2 0 |a banky 
610 2 0 |a poisťovne 
610 2 0 |a Slovensko 
100 1 |a Vavrovič, Marián